Financial crisis on the insurance market in Slovakia

Vplyv finančnej krízy na vývoj poistného trhu na Slovensku. Jadrom štúdie bolo zmapovať negatívne vplyvy globálnej recesie na vývoj poistného trhu. Riziká, ktoré ovplyvňujú uzatváranie nových poistných zmlúv. Analýza slovenského poistného trhu.

Saved in:
Bibliographic Details
Main Author: Meluchová, Jitka, 1965-
Format: Book Chapter
Language:English
Subjects:
Tags: Add Tag
No Tags, Be the first to tag this record!

MARC

LEADER 00000nla$a2200000$$$4500
001 0124228
005 20240502072413.3
041 0 |a eng 
044 |a SK 
245 1 0 |a Financial crisis on the insurance market in Slovakia  |c Jitka Meluchová 
520 |a Vplyv finančnej krízy na vývoj poistného trhu na Slovensku. Jadrom štúdie bolo zmapovať negatívne vplyvy globálnej recesie na vývoj poistného trhu. Riziká, ktoré ovplyvňujú uzatváranie nových poistných zmlúv. Analýza slovenského poistného trhu. 
610 2 0 |a trh poistný 
610 2 0 |a kríza finančná 
610 2 0 |a zmluvy poistné 
610 2 0 |a riziko poistné 
610 2 0 |a Slovensko 
100 1 |a Meluchová, Jitka, 1965-